Earth as an Evolving Planetary System (Record no. 3450)

MARC details
000 -LEADER
fixed length control field 00568nam a22002177a 4500
003 - CONTROL NUMBER IDENTIFIER
control field OSt
005 - DATE AND TIME OF LATEST TRANSACTION
control field 20160409000620.0
008 - FIXED-LENGTH DATA ELEMENTS--GENERAL INFORMATION
fixed length control field 160408b xxu||||| |||| 00| 0 eng d
020 ## - INTERNATIONAL STANDARD BOOK NUMBER
International Standard Book Number 9780123852274
040 ## - CATALOGING SOURCE
Transcribing agency DDC
082 ## - DEWEY DECIMAL CLASSIFICATION NUMBER
Classification number 550 CON 2011
100 ## - MAIN ENTRY--PERSONAL NAME
Personal name Condie, Kent C.
9 (RLIN) 7715
245 ## - TITLE STATEMENT
Title Earth as an Evolving Planetary System
250 ## - EDITION STATEMENT
Edition statement 2nd ed.
260 ## - PUBLICATION, DISTRIBUTION, ETC. (IMPRINT)
Place of publication, distribution, etc. Amsterdam; Elsevier, 2011
300 ## - PHYSICAL DESCRIPTION
Extent xviii,574p; col.ill: 23cm
504 ## - BIBLIOGRAPHY, ETC. NOTE
Bibliography, etc References, & index included
650 ## - SUBJECT ADDED ENTRY--TOPICAL TERM
Topical term or geographic name as entry element Earth Planet
9 (RLIN) 7716
650 ## - SUBJECT ADDED ENTRY--TOPICAL TERM
Topical term or geographic name as entry element Physics
9 (RLIN) 809
942 ## - ADDED ENTRY ELEMENTS (KOHA)
Source of classification or shelving scheme Dewey Decimal Classification
Koha item type Open Shelf
Holdings
Withdrawn status Lost status Source of classification or shelving scheme Damaged status Not for loan Home library Current library Date acquired Source of acquisition Inventory number Total Checkouts Full call number Barcode Date last seen Koha item type
    Dewey Decimal Classification     MUST Main Library MUST Main Library 09/04/2016   14/37821   550 CON 2011 2016-0691 09/04/2016 Open Shelf
    Dewey Decimal Classification     MUST Main Library MUST Main Library   Donation 14/37822   550 CON 2011 2024-20835 18/06/2024 Open Shelf